Statistiken für Deutsche Großstädte

Klicken Sie hier um das Quiz zu spielen!

Allgemein

  • Dieses Quiz wurde 115.937 mal gespielt
    (112.619 seit der letzten Aktualisierung)
  • Das Durchschnittsergebnis liegt bei 44 aus 76

Antwortstatistiken

EinwohnerzahlGroßstädte% Korrekt
3.421.829Berlin
100%
1.407.836München
99%
1.746.342Hamburg
99%
1.034.175Köln
97%
701.350Frankfurt am Main
95%
604.297Stuttgart
93%
548.547Bremen
92%
598.686Düsseldorf
91%
530.754Dresden
90%
575.944Dortmund
88%
531.562Leipzig
87%
518.386Hannover
87%
241.533Kiel
85%
498.876Nürnberg
84%
569.884Essen
80%
204.268Mainz
78%
161.468Potsdam
75%
177.201Saarbrücken
72%
311.287Bonn
70%
204.880Erfurt
70%
220.286Freiburg
70%
276.542Augsburg
70%
231.021Magdeburg
69%
203.431Rostock
69%
273.871Wiesbaden
68%
296.690Mannheim
68%
241.683Aachen
66%
486.855Duisburg
65%
299.103Karlsruhe
63%
328.864Bielefeld
63%
122.457Wolfsburg
61%
361.734Bochum
61%
257.850Gelsenkirchen
61%
194.087Kassel
59%
299.708Münster
59%
242.022Chemnitz
58%
119.218Ulm
56%
247.227Braunschweig
55%
107.679Jena
55%
140.276Regensburg
55%
124.698Würzburg
54%
152.113Heidelberg
54%
212.958Lübeck
54%
231.565Halle
52%
129.136Ingolstadt
52%
156.315Osnabrück
52%
160.819Leverkusen
51%
343.488Wuppertal
50%
149.743Darmstadt
50%
110.643Koblenz
49%
107.233Trier
48%
255.430Mönchengladbach
48%
108.844Bremerhaven
48%
143.659Paderborn
47%
119.808Fürth
44%
159.610Oldenburg
44%
116.891Göttingen
42%
161.518Ludwigshafen
41%
209.097Oberhausen
38%
119.203Offenbach
37%
176.048Hamm
36%
109.425Bergisch Gladbach
35%
105.624Erlangen
35%
222.058Krefeld
33%
118.122Heilbronn
31%
185.996Hagen
30%
154.417Herne
28%
115.320Recklinghausen
27%
116.055Bottrop
27%
117.754Pforzheim
27%
152.252Neuss
27%
155.768Solingen
27%
111.357Reutlingen
25%
166.640Mülheim
25%
103.108Moers
23%
108.955Remscheid
21%

Verteilung der Resultate

Perzentil nach korrekt beantworteten Fragen

Anzahl Personen mit jedem Resultat

Ihre Resultats-Entwicklung

Sie haben dieses Quiz seit der letzten Aktualisierung nicht gespielt